Procesný prístup na podporu výkonnosti organizácie
Súčasné trendy procesného manažmentu. Implementácia procesného prístupu v organizáciách bankového sektora. Zavádzanie procesného manažmentu a stupne implementácie.
Enregistré dans:
| Auteur principal: | |
|---|---|
| Autres auteurs: | |
| Format: | Chapitre de livre |
| Langue: | slovaque |
| Sujets: | |
| Tags: |
Pas de tags, Soyez le premier à ajouter un tag!
|
MARC
| LEADER | 00000naa$a2200000$$$4500 | ||
|---|---|---|---|
| 001 | 0180906 | ||
| 005 | 20240502073108.5 | ||
| 041 | 0 | |a slo | |
| 044 | |a SK | ||
| 245 | 1 | 0 | |a Procesný prístup na podporu výkonnosti organizácie |c Miroslava Katonová, Emília Papulová |
| 520 | |a Súčasné trendy procesného manažmentu. Implementácia procesného prístupu v organizáciách bankového sektora. Zavádzanie procesného manažmentu a stupne implementácie. | ||
| 610 | 2 | 0 | |a výkonnosť podniku |
| 610 | 2 | 0 | |a riadenie procesné |
| 610 | 2 | 0 | |a kríza finančná |
| 610 | 2 | 0 | |a bankovníctvo |
| 610 | 2 | 0 | |a hypotéky |
| 610 | 2 | 0 | |a reengineering |
| 610 | 2 | 0 | |a optimalizácia |
| 100 | 1 | |a Katonová, Miroslava, 1983- | |
| 700 | 1 | |a Papulová, Emília | |